书目信息 |
| 题名: |
东北地区自然资源监测与黑土退化研究
|
|
| 作者: | 丁宇雪 编著 | |
| 分册: | ||
| 出版信息: | 武汉 中国地质大学出版社 2021.09 |
|
| 页数: | 205页 | |
| 开本: | 26cm | |
| 丛书名: | ||
| 单 册: | ||
| 中图分类: | X83 | |
| 科图分类: | ||
| 主题词: | ||
| 电子资源: | ||
| ISBN: | 978-7-5625-5074-7 | |
| 000 | 01049nam0 2200205 450 | |
| 001 | 011025153356 | |
| 005 | 20221025153356.0 | |
| 010 | @a978-7-5625-5074-7@dCNY88.00 | |
| 100 | @a20201004d2021 em y0chiy0120 ea | |
| 101 | 0 | @achi |
| 102 | @aCN@b420000 | |
| 105 | @aa z 000yy | |
| 106 | @ar | |
| 200 | 1 | @a东北地区自然资源监测与黑土退化研究@Adong bei di qu zi ran zi yuan jian ce yu hei tu tui hua yan jiu@f丁宇雪等编著 |
| 210 | @a武汉@c中国地质大学出版社@d2021.09 | |
| 215 | @a205页@c彩图@d26cm | |
| 330 | @a该书利用统一的分类体系与数据制作精度,以国产高分辨率卫星遥感影像为数据源,基于GIS平台,获取了20162017年度东北地区全覆盖自然资源因子与生态地质环境因子最新分布现状与动态变化数据,结合野外实地调查验证,归纳总结变化原因、分析变化规律,开展综合研究,明确指出辽宁省、吉林省、黑龙江省各自所存在的生态地质环境问题,并提出相应的对策建议。为东北三省不同区域不同资源的合理利用,抑制过渡开发的资源浪费,恢复生态地质环境提供了时实、可靠的基础数据。 | |
| 690 | @aX83@v5 | |
| 701 | 0 | @a丁宇雪@Ading yu xue@4编著 |
| 905 | @a河南城建学院图书馆@dX83@eD597 | |
| 东北地区自然资源监测与黑土退化研究/丁宇雪等编著.-武汉:中国地质大学出版社,2021.09 |
| 205页:彩图;26cm |
| ISBN 978-7-5625-5074-7:CNY88.00 |
| 该书利用统一的分类体系与数据制作精度,以国产高分辨率卫星遥感影像为数据源,基于GIS平台,获取了20162017年度东北地区全覆盖自然资源因子与生态地质环境因子最新分布现状与动态变化数据,结合野外实地调查验证,归纳总结变化原因、分析变化规律,开展综合研究,明确指出辽宁省、吉林省、黑龙江省各自所存在的生态地质环境问题,并提出相应的对策建议。为东北三省不同区域不同资源的合理利用,抑制过渡开发的资源浪费,恢复生态地质环境提供了时实、可靠的基础数据。 |
| ● |
| 相关链接 |
|
|
|
正题名:东北地区自然资源监测与黑土退化研究
索取号:X83/D597
 
预约/预借
| 序号 | 登录号 | 条形码 | 馆藏地/架位号 | 状态 | 备注 |
| 1 | 1587810 | 215878101 | 自科库501/501自科库 114排2列2层/ [索取号:X83/D597] | 在馆 |